=LDR 00000nam 2200000 4500 =001 INLIS000000000809617 =008 ###################################ind## =035 ##$$a 0010-0825000110 =245 ##$$a Kreasi Lilin Cantik / $c Chacha =260 ##$$b nobel =020 ##$$a 9786028123341 =084 ##$$a 677.5 CHA k =520 ##$$a PEMBUATAN PRODUK-PRODUK UNTUK PENGGUNAAN KHUSUS =082 ##$$a 677.5